[Event "Thanet op-A 50th"]
[Site "Margate"]
[Date "2019.08.17"]
[Round "3"]
[White "Botley, Gordon"]
[Black "Gray, Edward"]
[Result "1-0"]
[WhiteElo "2150"]
[BlackElo "1757"]
[PlyCount "55"]
[EventDate "2019.08.16"]
[EventType "swiss"]
[EventRounds "5"]
[EventCountry "ENG"]
[SourceTitle "EXT 2024"]
[Source "ChessBase"]
[SourceDate "2023.10.10"]
[SourceVersion "1"]
[SourceVersionDate "2023.10.10"]
[SourceQuality "1"]

1. d4 Nf6 2. c4 c5 3. Nf3 cxd4 4. Nxd4 g6 5. Nc3 Bg7 6. e4 d6 7. Be2 Nc6 8. Be3 Bd7 9. Rc1 Ne5 10. f3 Rc8 11. b3 a6 12. Qd2 h5 13. 0-0 h4 14. Nd5 Nxd5 15. exd5 h3 16. g3 0-0 17. f4 Ng4 18. Bxg4 Bxg4 19. f5 Qd7 20. Bh6 Kh7 21. Bxg7 Kxg7 22. Qg5 Bh5 23. g4 f6 24. Qh4 Rh8 25. Ne6+ Kf7 26. gxh5 gxh5 27. Qxh3 b5 28. Kh1 1-0

[Event "Thanet op-A 50th"]
[Site "Margate"]
[Date "2019.08.16"]
[Round "1"]
[White "Botley, Gordon"]
[Black "Moyse, Nigel John"]
[Result "0-1"]
[WhiteElo "2150"]
[BlackElo "2055"]
[PlyCount "58"]
[EventDate "2019.08.16"]
[EventType "swiss"]
[EventRounds "5"]
[EventCountry "ENG"]
[SourceTitle "EXT 2024"]
[Source "ChessBase"]
[SourceDate "2023.10.10"]
[SourceVersion "1"]
[SourceVersionDate "2023.10.10"]
[SourceQuality "1"]

1. d4 Nf6 2. c4 g6 3. Nc3 Bg7 4. Nf3 d6 5. g3 0-0 6. Bg2 Nbd7 7. 0-0 Re8 8. e4 e5 9. h3 exd4 10. Nxd4 Nc5 11. Re1 a5 12. Nb3 Nfd7 13. Qc2 a4 14. Nxc5 Nxc5 15. Be3 Be6 16. Nb5 Bd7 17. Nd4 a3 18. b3 Qe7 19. Rad1 Nxe4 20. Bc1 f5 21. f3 Bxd4+ 22. Rxd4 Qf6 23. Rdxe4 fxe4 24. fxe4 Bc6 25. Kh2 Rf8 26. b4 Qd4 27. Rd1 Rf2 28. Qb3 Rxg2+ 29. Kxg2 Qxe4+ 0-1

[Event "BCF-ch 84th"]
[Site "Hove"]
[Date "1997.08.12"]
[Round "8"]
[White "Bisby, Daniel L"]
[Black "Botley, Gordon"]
[Result "1-0"]
[WhiteElo "2205"]
[BlackElo "2155"]
[PlyCount "33"]
[EventDate "1997.08.04"]
[EventType "swiss"]
[EventRounds "11"]
[EventCountry "ENG"]
[SourceTitle "EXT 1999"]
[Source "ChessBase"]
[SourceDate "1998.11.16"]
[SourceVersion "1"]
[SourceVersionDate "1998.11.16"]
[SourceQuality "1"]

1. Nf3 c5 2. c3 Nf6 3. d4 b6 4. Bf4 Bb7 5. e3 d6 6. Nbd2 g6 7. Bd3 Bg7 8. 0-0 Nh5 9. Bg5 h6 10. Bh4 0-0 11. Re1 Qd7 12. h3 Nc6 13. Bc2 Rac8 14. Rc1 Nf6 15. Ba4 cxd4 16. exd4 a6 17. Bxf6 1-0

[Event "Hastings Challengers 9596"]
[Site "Hastings"]
[Date "1995.??.??"]
[Round "1"]
[White "Ledger, Stephen C"]
[Black "Botley, Gordon"]
[Result "1-0"]
[WhiteElo "2260"]
[BlackElo "2220"]
[PlyCount "95"]
[EventDate "1995.12.??"]
[EventType "swiss"]
[EventRounds "11"]
[EventCountry "ENG"]
[SourceTitle "EXT 1998"]
[Source "ChessBase"]
[SourceDate "1997.11.17"]
[SourceVersion "1"]
[SourceVersionDate "1997.11.17"]
[SourceQuality "1"]

1. d4 d6 2. Nf3 Bg4 3. Nbd2 Nd7 4. b3 g6 5. h3 Bxf3 6. Nxf3 Bg7 7. e3 c5 8. Bb2 Rc8 9. Qd2 Ngf6 10. Bd3 0-0 11. 0-0 d5 12. c4 Ne4 13. Qe2 e6 14. Rfd1 Qe7 15. Rac1 cxd4 16. exd4 Ndf6 17. Ne5 Rfe8 18. Qe1 Bh6 19. Rc2 b6 20. Re2 Qb7 21. f3 Nd6 22. c5 Nf5 23. Bxf5 exf5 24. c6 Qe7 25. Qh4 Bg7 26. Rde1 Qb4 27. Bc1 Re6 28. Bd2 Qd6 29. Nxf7 Kxf7 30. Rxe6 Qxe6 31. Rxe6 Kxe6 32. Qf4 Rxc6 33. Qe5+ Kf7 34. Bg5 Re6 35. Qc7+ Re7 36. Qc6 Re6 37. Qb5 Rd6 38. Bxf6 Bxf6 39. Qb4 Rc6 40. Kf2 Ke6 41. Qd2 Kf7 42. Ke2 h5 43. Kd3 g5 44. h4 Kg6 45. Qe2 Kf7 46. hxg5 Re6 47. g6+ Ke7 48. Qd2 1-0

[Event "Hastings Challengers 9596"]
[Site "Hastings"]
[Date "1995.??.??"]
[Round "1"]
[White "Schmedders, Hans Gerd"]
[Black "Botley, Gordon"]
[Result "0-1"]
[WhiteElo "2310"]
[BlackElo "2220"]
[PlyCount "80"]
[EventDate "1995.12.??"]
[EventType "swiss"]
[EventRounds "11"]
[EventCountry "ENG"]
[SourceTitle "EXT 1998"]
[Source "ChessBase"]
[SourceDate "1997.11.17"]
[SourceVersion "1"]
[SourceVersionDate "1997.11.17"]
[SourceQuality "1"]

1. e4 d6 2. d4 Nf6 3. Nc3 g6 4. Bc4 Bg7 5. Qe2 e5 6. dxe5 dxe5 7. Nf3 Nbd7 8. Bxf7+ Kxf7 9. Ng5+ Ke7 10. Qc4 Qg8 11. Qxc7 h6 12. f4 Qd8 13. Qxd8+ Rxd8 14. Nf3 exf4 15. e5 Ne8 16. Nd5+ Kf7 17. Nxf4 Nxe5 18. Nxe5+ Bxe5 19. 0-0 Kg7 20. Nd3 Bd4+ 21. Kh1 Bf5 22. Bf4 Rac8 23. Rae1 Rxc2 24. Nb4 Rxb2 25. Re7+ Kg8 26. g4 Bf6 27. Nd5 Bxe7 28. Nxe7+ Kf7 29. gxf5 Kxe7 30. fxg6 Rd5 31. Bxh6 Rdb5 32. Bf4 Rxa2 33. Bg3 Rd5 34. h4 Nf6 35. Bf4 Nh5 36. Bb8 Rd4 37. Kg1 Rg4+ 38. Kh1 Rxh4+ 39. Kg1 Rg4+ 40. Kh1 Rxg6 0-1